Biologie moléculaire Documents de cours
Gardado en:
| Autor Principal: | |
|---|---|
| Formato: | Libro |
| Idioma: | Undetermined |
| Publicado: |
Paris
école polytechnique
2001
|
| Những chủ đề: | |
| Các nhãn: |
Engadir etiqueta
Sen Etiquetas, Sexa o primeiro en etiquetar este rexistro!
|
| Thư viện lưu trữ: | Trung tâm Học liệu Trường Đại học Cần Thơ |
|---|
| LEADER | 00534nam a2200193Ia 4500 | ||
|---|---|---|---|
| 001 | CTU_42603 | ||
| 008 | 210402s9999 xx 000 0 und d | ||
| 082 | |a 572.8 | ||
| 082 | |b B643d | ||
| 100 | |a Sylvain Blanquet | ||
| 245 | 0 | |a Biologie moléculaire | |
| 245 | 0 | |b Documents de cours | |
| 245 | 0 | |c Sylvain Blanquet | |
| 260 | |a Paris | ||
| 260 | |b école polytechnique | ||
| 260 | |c 2001 | ||
| 650 | |a molecular biology | ||
| 904 | |i Nguyễn Quang Điền, 010704 | ||
| 980 | |a Trung tâm Học liệu Trường Đại học Cần Thơ | ||